[Event "RUS-ch Silent (Women)"]
[Site "Zelenograd"]
[Date "2018.11.03"]
[Round "11"]
[White "Lukina, Tatiana"]
[Black "Tappyrova, Daria"]
[Result "1-0"]
[WhiteElo "1608"]
[BlackElo "1587"]
[PlyCount "55"]
[EventDate "2018.10.25"]
[EventType "tourn"]
[EventRounds "11"]
[EventCountry "RUS"]
[SourceTitle "EXT 2020"]
[Source "ChessBase"]
[SourceDate "2019.10.17"]
[SourceVersion "1"]
[SourceVersionDate "2019.10.17"]
[SourceQuality "1"]

1. e4 c6 2. d4 d5 3. Nd2 dxe4 4. Nxe4 Bf5 5. Ng3 Bg6 6. h4 h5 7. Nf3 e6 8. Ne5 Ne7 9. Bd3 Bxd3 10. Qxd3 g6 11. Bg5 Bg7 12. f4 0-0 13. Bxe7 Qxe7 14. 0-0-0 Rd8 15. Qb3 Na6 16. Ne4 Rab8 17. Ng5 Bxe5 18. fxe5 c5 19. Rhf1 Rf8 20. Rf4 Qc7 21. Rf6 Kg7 22. Rdf1 Qc8 23. Rxf7+ Rxf7 24. Rxf7+ Kg8 25. Rf6 Kg7 26. Rxg6+ Kh8 27. Rh6+ Kg7 28. Qd3 1-0

[Event "RUS-ch Silent (Women)"]
[Site "Zelenograd"]
[Date "2018.10.25"]
[Round "1"]
[White "Kudriavtseva, Natalia"]
[Black "Tappyrova, Daria"]
[Result "0-1"]
[WhiteElo "1975"]
[BlackElo "1587"]
[PlyCount "60"]
[EventDate "2018.10.25"]
[EventType "tourn"]
[EventRounds "11"]
[EventCountry "RUS"]
[SourceTitle "EXT 2020"]
[Source "ChessBase"]
[SourceDate "2019.10.17"]
[SourceVersion "1"]
[SourceVersionDate "2019.10.17"]
[SourceQuality "1"]

1. e4 c6 2. d4 d5 3. exd5 cxd5 4. Bd3 Nc6 5. Nf3 e6 6. Bf4 Bd6 7. Bg3 Nge7 8. c3 0-0 9. Nbd2 Qc7 10. Qc2 f5 11. Bxd6 Qxd6 12. 0-0-0 Bd7 13. Rde1 Rac8 14. a3 Ng6 15. g3 e5 16. dxe5 Ncxe5 17. Nd4 Ba4 18. N2b3 Bxb3 19. Nxb3 d4 20. f4 dxc3 21. fxe5 cxb2+ 22. Kb1 Nxe5 23. Qxb2 Nxd3 24. Qd2 Qd5 25. Nc1 Qb5+ 26. Ka1 Nxe1 27. Rxe1 Qa4 28. Qb2 Rc2 29. Qb3+ Qxb3 30. Nxb3 Rfc8 0-1